Les Personnages de Final Fantasy - Statistiques

Statistiques générales
  • Ce quiz a été pris 324 fois
    289 depuis la dernière actualisation
  • Le résultat moyen est 56 sur 161
Statistiques - réponses
Hint Réponse % Correct
FFVII Cloud Strife
90%
FFVII Tifa Lockheart
86%
FFVII Aerith Gainsborough
84%
FFVII Barret Wallace
81%
FFVII Cid Highwind
79%
FFIII Cid (III)
79%
FFIV Cid (IV)
79%
FFXVI Cidolfus Telamon
79%
FFXIII Cid Raines
79%
FFXV Cid Sophiar
79%
FFVII Sephiroth
78%
FFX Yuna
70%
FFX Tidus
69%
FFVII Yuffie Kisaragi
68%
FFVII Vincent Valentine
67%
FFVIII Squall Leonhart
66%
FFVII Rouge XIII - Nanaki
62%
FFVII Cait sith
60%
FFXV Noctis Lucis Caelum
60%
FFX Lulu
59%
FFIX Djidane Tribal
57%
FFX Rikku
56%
FFIX Bibi Orunitia
55%
FFX Auron
54%
FFX Wakka
54%
FFVII Zack Fair
53%
FFXIII Claire Farron - Lightning
52%
FFVI Terra Branford
51%
FFVII Reno
50%
FFIX Grenat Di Alexandros
49%
FFVIII Linoa Heartily
49%
FFVII Rufus
49%
FFXV Prompto Argentum
47%
FFXII Vaan
47%
FFVII Rude
46%
FFX Seymour
46%
FFIV Cecil Harvey
45%
FFX Jecht
45%
FFX Kimahri
45%
FFVIII Quistis Trepe
45%
FFVIII Selphie Tilmitt
44%
FFVIII Zell Dincht
44%
FFXII Fran
43%
FFXV Ignis Stupeo Scientia
43%
FFIX Adelbert Steiner
42%
FFVIII Seifer Almasy
42%
FFVII Tseng
42%
FFVII Wedge
42%
FFXV Gladiolus Amicitia
41%
FFVII Biggs
40%
FFXVI Clive Rosfield
40%
FFVIII Edea
40%
FFVII Elena
40%
FFVII Jenova
40%
FFIX Kuja
40%
FFXIII Snow Villiers
40%
FFVIII Ultimecia
40%
FFXII Ffamran "Balthier" Mied Bunansa
39%
FFI Garland
39%
FFXIII Hope Estheim
39%
FFIX Kweena Quen
39%
FFII Firion
38%
FFVI Kefka Palazzo
38%
FFIX Eiko Carol
37%
FFVIII Irvine Kinneas
37%
FFIV Kain Highwind
37%
FFVI Mog
37%
FFXIII Oerba dia Vanille
37%
FFXII Penelo
37%
FFXV Lunafreya Nox Fleuret
36%
FFVII Hojo
35%
FFVII Jessie
35%
FFVIII Laguna Loire
35%
FFV Bartz
34%
FFVI Locke Cole
34%
FFIV Rosa Farrell
34%
FFIX Freyja Crescent
33%
FFVI Leo
33%
FFX Sin
32%
FFXII Ashelia B'nargin Dalmasca
31%
FFXIII Oerba Yun Fang
31%
FFVI Shadow
31%
FFIV Rydia Mist
30%
FFXIII Serah Farron
30%
FFIX Tarask Coral
30%
FFVIII Ward Zaback
30%
FFVI Celes Chere
29%
FFI Chevalier de la Lumière
29%
FFXVI Jill Warrick
29%
FFII Léon
29%
FFXII Basch Fon Ronsenburg
28%
FFVI Edgar Roni Figaro
28%
FFIV Golbez
28%
FFXVI Joshua Rosfield
28%
FFII Maria
28%
FFIV Palom
28%
FFII Empereur Mateus
27%
FFVI Sabin René Figaro
27%
FFIV Porom
26%
FFXIII Sazh Katzroy
26%
FFXVI Ultima
26%
FFXV Ardyn Izunia
25%
FFXVI Gab
25%
FFV Galuf Halm Baldesion
25%
FFVI Setzer Gabbiani
25%
FFIX Beatrix
24%
FFIII Chevalier oignon
24%
FFIV Edge
24%
FFV Exdeath
24%
FFVI Cyan Garamonde
23%
FFIV Edward Von Muir
23%
FFV Faris Scherwiz
23%
FFII Guy
23%
FFVIII Kiros Seagul
23%
FFV Lenna Charlotte Tycoon
23%
FFI Princesse Sarah
23%
FFXV Cindy Aurum
21%
FFV Gilgamesh
21%
FFV Krile Mayer Baldesion
21%
FFIII Nuage de Ténèbres
21%
FFIV Yang Fang Leiden
21%
FFIV FuSoYa
20%
FFVI Gau
20%
FFXVI Hugo Kupka
20%
FFX Lord Braska
20%
FFXII Vayne Carudas Solidor
20%
FFX Yu Yevon
20%
FFXVI Benedikta Harman
19%
FFXII Gabranth
19%
FFVI Relm Arrowny
19%
FFIV Tellah
19%
FFVI Gogo
18%
FFVI Umaro
18%
FFXV Aranea Highwind
17%
FFXVI Dion Lesage
17%
FFII Minwu
17%
FFVI Strago Magus
17%
FFXV Cor Leonis
16%
FFXV Regis Lucis Caelum
16%
FFIV Zeromus/Zemus
16%
FFXV Iris Amicitia
15%
FFII Joseph
15%
FFXII Larsa Ferrinas Solidor
15%
FFXVI Talgor
15%
FFXVI Barnabas Tharmr
14%
FFXVI Midadol Telamon
14%
FFII Leila
12%
FFXII Reks
12%
FFIX Darkness
11%
FFXII Vossler York Azelas
11%
FFII Gordon
10%
FFXII Reddas
10%
FFII Ricard
9%
FFIV Rubicante
8%
FFII Scott
7%
FFII Princesse Hilda
6%
FFXIII Jihl Nabaat
5%
FFXIII Yaag Rosch
3%
FFV Boco
2%
FFXIII Galenth Disley
2%
FFVI Vengeur (chien de Shadow)
0%
Aucun quiz correspondant
Distribution des résultats
% des personnes avec chaque résultat
Percentile par nombre de réponses
Votre historique - résultats
Vous n’avez pas pris ce quiz depuis la dernière actualisation